La vivienda racional (Record no. 141364)

MARC details
000 -LEADER
campo de control de longitud fija 00932nam a2200241 i 4500
001 - NÚMERO DE CONTROL
campo de control 141364
003 - IDENTIFICADOR DE NÚMERO DE CONTROL
campo de control ES-MaACL
005 - FECHA Y HORA DE LA ÚLTIMA TRANSACCIÓN
campo de control 20230906200258.0
007 - CAMPO FIJO DE DESCRIPCIÓN FÍSICA--INFORMACIÓN GENERAL
campo de control de longitud fija t|
008 - DATOS DE LONGITUD FIJA--INFORMACIÓN GENERAL
campo de control de longitud fija 070921s1973 sp ||||1| spa d
080 ## - NÚMERO DE LA CLASIFICACIÓN DECIMAL UNIVERSAL
Número de la Clasificación Decimal Universal 728.11(063)
245 03 - MENCIÓN DEL TÍTULO
Título La vivienda racional
Resto del título : ponencias de los congresos CIAM 1929-1930 /
Mención de responsabilidad, etc. Aymonio ; [versión de J. F. Chico, J. M. Marco, J. C. Theilacker].
260 ## - PUBLICACIÓN, DISTRIBUCIÓN, ETC.
Lugar de publicación, distribución, etc. Barcelona :
Nombre del editor, distribuidor, etc. Gustavo Gili,
Fecha de publicación, distribución, etc. [1973]
300 ## - DESCRIPCIÓN FÍSICA
Extensión 313 p. :
Otras características físicas il. ;
Dimensiones 21 cm.
650 ## - PUNTO DE ACCESO ADICIONAL DE MATERIA--TÉRMINO DE MATERIA
Término de materia o nombre geográfico como elemento de entrada Viviendas-
Subdivisión general Diseño y construcción.
9 (RLIN) 136999
700 1# - ENTRADA AGREGADA--NOMBRE PERSONAL
Nombre de persona Aymonino, Carlo.
9 (RLIN) 24184
700 1# - ENTRADA AGREGADA--NOMBRE PERSONAL
Nombre de persona Chico, J. F.
9 (RLIN) 38487
700 1# - ENTRADA AGREGADA--NOMBRE PERSONAL
Nombre de persona Marco, J. M.
9 (RLIN) 76464
700 1# - ENTRADA AGREGADA--NOMBRE PERSONAL
Nombre de persona Theilacker, J. C.
9 (RLIN) 109890
711 2# - ENTRADA AGREGADA--NOMBRE DE REUNIÓN
Nombre de congreso/reunión o jurisdicción como elemento de entrada Congreso Internacional de Arquitectura Moderna (
Número del congreso/reunión o número de parte o sección 4º.
Fecha del congreso o de la firma del tratado 1930.
Sede del congreso/Lugar de la reunión Bruselas)
9 (RLIN) 412
711 2# - ENTRADA AGREGADA--NOMBRE DE REUNIÓN
Nombre de congreso/reunión o jurisdicción como elemento de entrada Congreso Internacional de Arquitectura Moderna (
Número del congreso/reunión o número de parte o sección 2º.
Fecha del congreso o de la firma del tratado 1929.
Sede del congreso/Lugar de la reunión Frankfurt am Main)
9 (RLIN) 411
852 ## - LOCALIZACIÓN
Ubicación ES-MaACL
Número de control de estantería C-54043
Sublocalización o colección R.86914
Holdings
Estatus retirado Estado de pérdida Estado de daño No para préstamo Biblioteca de origen Biblioteca actual Ubicación en estantería Fecha de adquisición Fuente de adquisición Total de préstamos Signatura topográfica completa Código de barras Visto por última vez Precio de reemplazo Tipo de ítem Koha
        Biblioteca del Ateneo de Madrid Biblioteca del Ateneo de Madrid Depósito 2 17/01/2008     C-54043 1147091 23/02/2023 23/02/2023 Libro impreso